| 000 | 00996cam a2200277Ii 4500 | ||
|---|---|---|---|
| 005 | 20150525134948.0 | ||
| 008 | 150525s2003 sp frb 001 0 spa d | ||
| 020 | _a8472455602 | ||
| 020 | _a9788472455603 | ||
| 035 | _a(OCoLC)53953191 | ||
| 040 |
_aCO-BoUCM _bspa _cJose A. Gerena _dJose A. Gerena |
||
| 041 | 1 | _aspa | |
| 100 | 1 |
_aCsikszentmihalyi, Mihaly _963030 |
|
| 245 | 1 | 0 |
_aFluir en los negocios _bliderazgo y creación en el mundo de la empresa _cMihaly Csikszentmihalyi ; traducción de de Alicia Sánchez |
| 260 |
_aBarcelona (España) _bEditorial Kairós _c2003 |
||
| 300 | _a299 páginas | ||
| 490 | 1 | _aEnsayo / Kairós | |
| 650 | 7 |
_aAdministración de empresas _926444 |
|
| 650 | 7 |
_aÉxito en los negocios _915417 |
|
| 650 | 7 |
_aLiderazgo _918533 |
|
| 690 |
_942736 _aAdministración de empresas |
||
| 700 | 1 |
_aSánchez, Alicia _etraductor _969117 |
|
| 765 | 1 | _tGood business | |
| 942 |
_2DEWEY _a16 _cLIBRO _e1 _h658.409 _mC958 |
||
| 999 |
_c299389 _d299389 |
||